[Event "Bangkok op 22nd"]
[Site "Bangkok"]
[Date "2025.04.18"]
[Round "6"]
[White "Zhang, Haoxuan1"]
[Black "Labog, Mark Kevin"]
[Result "1/2-1/2"]
[WhiteElo "1957"]
[BlackElo "2166"]
[PlyCount "75"]
[EventDate "2025.04.13"]
[EventType "swiss"]
[EventRounds "9"]
[EventCountry "THA"]
[SourceTitle "CB17_2025"]
[SourceDate "2025.04.23"]
[SourceVersion "1"]
[SourceVersionDate "2025.04.23"]
[SourceQuality "1"]

1. e4 c5 2. Nf3 d6 3. Bb5+ Nd7 4. 0-0 a6 5. Bxd7+ Bxd7 6. c3 Nf6 7. Re1 e6 8. d4 Be7 9. e5 dxe5 10. Nxe5 cxd4 11. Qxd4 0-0 12. Nxd7 Qxd7 13. Be3 Qb5 14. c4 Qh5 15. Qd1 Qh4 16. Qe2 Rac8 17. Nd2 Bb4 18. b3 Ng4 19. Bf4 Rfd8 20. Nf3 Qh5 21. Red1 Qa5 22. h3 Nf6 23. Be5 Bc3 24. Bxc3 Qxc3 25. Rac1 Qa5 26. Rxd8+ Rxd8 27. Rd1 h6 28. Rxd8+ Qxd8 29. Qd2 Qxd2 30. Nxd2 Kf8 31. Kf1 Ke7 32. Ke2 Kd7 33. Ke3 Kc6 34. Kd4 Nd7 35. f4 f6 36. b4 e5+ 37. fxe5 Nxe5 38. a4 1/2-1/2

[Event "Bangkok op 22nd"]
[Site "Bangkok"]
[Date "2025.04.15"]
[Round "3"]
[White "Bersamina, Paulo"]
[Black "Labog, Mark Kevin"]
[Result "1-0"]
[WhiteElo "2411"]
[BlackElo "2166"]
[PlyCount "127"]
[EventDate "2025.04.13"]
[EventType "swiss"]
[EventRounds "9"]
[EventCountry "THA"]
[SourceTitle "CB17_2025"]
[SourceDate "2025.04.23"]
[SourceVersion "1"]
[SourceVersionDate "2025.04.23"]
[SourceQuality "1"]

1. d4 d5 2. c4 c6 3. Nf3 Nf6 4. g3 g6 5. Bg2 Bg7 6. 0-0 0-0 7. Ne5 Nfd7 8. Nxd7 Nxd7 9. cxd5 cxd5 10. Nc3 e6 11. Qd3 Nb8 12. Be3 b6 13. Rac1 Ba6 14. Qd2 Qd7 15. Bh6 Nc6 16. Rfd1 Rac8 17. h4 f5 18. Bxg7 Kxg7 19. e3 Nd8 20. Nb1 Nf7 21. Qb4 Rxc1 22. Rxc1 Rc8 23. Rxc8 Qxc8 24. Nc3 Qd7 25. Qa3 Bc8 26. Bf1 Nd6 27. Qb4 h6 28. Nb5 Ne4 29. Nc3 Nd6 30. Qb3 g5 31. hxg5 hxg5 32. Qd1 Qe8 33. g4 Qf7 34. Qf3 Qf6 35. gxf5 Nxf5 36. Bd3 Nh4 37. Qg3 Bd7 38. Qc7 Qf7 39. Qe5+ Qf6 40. Qc7 Qf7 41. Be2 Be8 42. Qd8 Kh6 43. Bg4 Qg6 44. Qe7 Bf7 45. Qxa7 Qf6 46. Qxb6 Nf3+ 47. Bxf3 Qxf3 48. Qd6 Qf5 49. Qe5 Qg4+ 50. Qg3 Qf5 51. f4 g4 52. Qh4+ Bh5 53. Qg5+ Qxg5 54. fxg5+ Kxg5 55. Kg2 e5 56. Kg3 Kf5 57. b4 exd4 58. exd4 Ke6 59. Kh4 Kf5 60. Kxh5 g3 61. Kh4 g2 62. Ne2 Ke4 63. Kg3 Ke3 64. Kxg2 1-0

[Event "Quezon City Neri op 1st"]
[Site "Quezon City"]
[Date "2024.08.25"]
[Round "3"]
[White "Labog, Mark Kevin"]
[Black "Piel, Jaymiel"]
[Result "1-0"]
[WhiteElo "2166"]
[BlackElo "1912"]
[PlyCount "80"]
[EventDate "2024.08.25"]
[EventType "swiss"]
[EventRounds "6"]
[EventCountry "PHI"]
[SourceTitle "CBM 221 Extra"]
[Source "ChessBase"]
[SourceDate "2024.09.30"]
[SourceVersion "1"]
[SourceVersionDate "2024.09.30"]
[SourceQuality "1"]

1. Nf3 Nf6 2. g3 d5 3. Bg2 e6 4. d4 Bd6 5. c4 b6 6. Nc3 Bb7 7. 0-0 0-0 8. cxd5 exd5 9. Qc2 a6 10. Bg5 Re8 11. Rac1 h6 12. Bf4 Nc6 13. Bxd6 Qxd6 14. e3 Ne7 15. Ne2 Rac8 16. Bh3 c5 17. Bxc8 Rxc8 18. Qd1 c4 19. Nc3 b5 20. a3 Rc7 21. Re1 Ng6 22. Ne5 Nxe5 23. dxe5 Qxe5 24. Qd4 Qxd4 25. exd4 Kf8 26. f3 Bc6 27. Nd1 Bd7 28. Ne3 Be6 29. h4 h5 30. Ng2 Bf5 31. Re5 g6 32. Nf4 Rd7 33. Kf2 Rd6 34. Rce1 Bd7 35. Ke3 Bc8 36. Kd2 Bd7 37. Kc2 Bc8 38. Kc3 Bd7 39. Kb4 Kg7 40. Ka5 Kf8 1-0

[Event "Quezon City Neri op 1st"]
[Site "Quezon City"]
[Date "2024.08.25"]
[Round "1"]
[White "Labog, Mark Kevin"]
[Black "Visca, Jayson"]
[Result "1/2-1/2"]
[WhiteElo "2166"]
[BlackElo "1772"]
[PlyCount "104"]
[EventDate "2024.08.25"]
[EventType "swiss"]
[EventRounds "6"]
[EventCountry "PHI"]
[SourceTitle "CBM 221 Extra"]
[Source "ChessBase"]
[SourceDate "2024.09.30"]
[SourceVersion "1"]
[SourceVersionDate "2024.09.30"]
[SourceQuality "1"]

1. Nf3 d5 2. g3 Nf6 3. Bg2 e6 4. 0-0 Be7 5. d4 0-0 6. c4 dxc4 7. Qc2 a6 8. Qxc4 b5 9. Qc2 Bb7 10. Nbd2 Nbd7 11. Ng5 Bxg2 12. Kxg2 c5 13. Ndf3 Rc8 14. Qd3 h6 15. Ne4 cxd4 16. Qxd4 Nc5 17. Nxc5 Rxc5 18. Be3 Qa8 19. Qd3 Rd8 20. Qb3 Rc4 21. Rac1 Rb4 22. Qc2 Nd5 23. Bd2 Rc4 24. Qb1 Rdc8 25. Kg1 Bf6 26. b3 R4c6 27. Rxc6 Rxc6 28. Rc1 Qc8 29. Rxc6 Qxc6 30. Qd3 Nb6 31. Be3 Nd5 32. Bd2 Nb6 33. h4 Nd7 34. Be3 Bb2 35. Bd4 Bxd4 36. Qxd4 Qc1+ 37. Kg2 Qc6 38. Kg1 Qc1+ 39. Kh2 Qc6 40. g4 Qc7+ 41. Kh3 Nf8 42. h5 Qc2 43. Qd2 Qe4 44. Qd3 Qf4 45. Qd4 Qc7 46. Qe4 a5 47. Nd4 b4 48. Kg2 Nd7 49. Qa8+ Kh7 50. Qc6 Qd8 51. Qd6 Qa8+ 52. Qc6 Qd8 1/2-1/2